An introduction to the chemistry of the sea
Gardado en:
| Autor Principal: | |
|---|---|
| Formato: | Libro |
| Idioma: | inglés |
| Publicado: |
Upper Saddle River
Prentice-Hall
1998
|
| Subjects: | |
| Tags: |
Engadir etiqueta
Sen Etiquetas, Sexa o primeiro en etiquetar este rexistro!
|
MARC
| LEADER | 00000nam a2200000 a 4500 | ||
|---|---|---|---|
| 001 | UCL4337 | ||
| 003 | CL-VaPUC | ||
| 008 | 040109e19980000us |||||||||||||||||eng|d | ||
| 020 | |a 0132589710 | ||
| 082 | 0 | 4 | |a 551.4601 |b PIL |2 21 |
| 100 | 0 | |a Pilson, Michael E. Q |e author |9 481849 | |
| 245 | 1 | 3 | |a An introduction to the chemistry of the sea |
| 300 | |a 431 p | ||
| 942 | |c BK | ||
| 945 | |d 20040109 00:00:00 |a cmena | ||
| 260 | |a Upper Saddle River |b Prentice-Hall |c 1998 | ||
| 650 | 7 | |a OCEANOGRAFIA QUIMICA |2 CL-VaPUC |9 481850 | |
| 650 | 0 | |a Química del agua |9 261152 | |
| 583 | |a last modification |c 20150424 04:27:38 |k Rodrigo Vera | ||
| 999 | |c 307211 |d 307209 | ||
| 952 | |0 0 |1 0 |2 ddc |4 0 |6 551_460100000000000_PIL_1998 |7 0 |8 P |9 372963 |a BIBCUR |b BIBCUR |c PAC |d 2019-11-21 |i 3977366 |o 551.4601 PIL 1998 |p 3977366 |r 2025-04-22 |w 2019-11-21 |y BK |k CIM | ||